Fr. Conceicao Rodrigues College of Engineering

Microwave Engineering (Record no. 31614)

MARC details
000 -LEADER
fixed length control field 00291nam a2200133Ia 4500
100 ## - MAIN ENTRY--PERSONAL NAME
Personal name Rizzi peter A
245 ## - TITLE STATEMENT
Title Microwave Engineering
260 ## - PUBLICATION, DISTRIBUTION, ETC.
Name of publisher, distributor, etc. prentice hall
Place of publication, distribution, etc. New Jersey
Date of publication, distribution, etc. 1988
300 ## - PHYSICAL DESCRIPTION
Extent 571
546 ## - LANGUAGE NOTE
Language note ENGLISH
654 ## - SUBJECT ADDED ENTRY--FACETED TOPICAL TERMS
Focus term Microwave engineering
942 ## - ADDED ENTRY ELEMENTS (KOHA)
Koha item type BOOK
Holdings
Withdrawn status Lost status Damaged status Not for loan Collection Home library Current library Date acquired Source of acquisition Cost, normal purchase price Inventory number Total Checkouts Full call number Barcode Date last seen Cost, replacement price Price effective from Koha item type
        CRC Fr. Agnel's C.Rodrigues College of Engineering Fr. Agnel's C.Rodrigues College of Engineering 17/03/2023 Progressive Books 508.80 2042 dt 15.07.92   3697 17/03/2023 508.80 15/07/1992 BOOK